000 00479nam a2200133 4500
999 _c13266
_d13266
008 190221b ||||| |||| 00| 0 eng d
082 _aDPer 050 T48 Apr-June 2016 v. 187, n. 12-24.
100 _937072
_aKaplan, Ezra.
245 _aVenezuela's economic crash has led to a vast smuggling industry/
_cEzra Kaplan
260 _aHong Kong;
_bTime Asia,
_cc2016.
300 _av187 n15, pages 12-13:
_billustrations;
_c27 cm.
650 _aEconomic conditions.
_937073
942 _2ddc
_cPER